| 000 | 00672nam a2200217Ia 4500 | ||
|---|---|---|---|
| 003 | GCL | ||
| 008 | 140319s9999 xx 000 0 ara d | ||
| 020 | _a2561213977 | ||
| 040 |
_aGCL / _cGCL |
||
| 082 | 0 | 4 |
_a274.8843 _bص م |
| 100 | 1 | _aصموئيل زكى | |
| 245 | 1 | 0 |
_aمكانة المرأة فى الكتاب المقدس / _cصموئيل زكى |
| 250 | _aالاولى | ||
| 260 |
_aالقاهرة : _bدار الثقافة ، _c2001 |
||
| 300 |
_a154 ص ؛ _c20 سم |
||
| 650 | 0 | 4 | _aالمرأة العاملة |
| 650 | 0 | 4 | _aحقوق المرأة |
| 650 | 0 | 4 | _aالاخلاق المسيحية |
| 650 | 0 | 4 | _aالمرأة المسيحية |
| 942 |
_2ddc _cBK |
||
| 999 |
_c4716 _d4716 |
||